| 000 | 00514nam a22001937a 4500 | ||
|---|---|---|---|
| 003 | KOHA_MİRAKIL | ||
| 005 | 20240930101004.0 | ||
| 008 | 240929b2020 tu ||||| |||| 00| 0 tur d | ||
| 020 | _a9786057560926 | ||
| 040 |
_aTR-AnABB _btur _cTR-AnABB |
||
| 041 | _atur | ||
| 082 |
_a079.561 _bSAT 2020 |
||
| 100 | _aSatır, Abbas. | ||
| 245 | 0 |
_aRüzgarlı sokak / _cAbbas Satır. |
|
| 260 |
_aAnkara : _bBarış Kitabevi, _c2020. |
||
| 300 |
_a304 sayfa ; _c24 cm. |
||
| 650 | _aGaztecilik, Türkiye | ||
| 942 |
_2ddc _cBK |
||
| 999 |
_c1601 _d1601 |
||